000 00937nam a2200277 c 4500
001 000030456
003 RuMoIPM
005 20260430120113.0
008 230210s1971 ru ||||||| |||| ||rus d
035 _a(RuMoBEN) 002011291
035 _a(ELAR retro) [2022] 000100077
040 _aRuMoBEN
_brus
_ercr
041 0 _arus
_hfre
044 _aru
080 _a517
080 _a512
100 1 _aПизо, Шарль Жан
245 1 0 _aКурс математики
_bАлгебра и анализ
_cШ. Пизо, М. Заманский ; Пер. с фр. Е. И. Стечкиной
260 _aМосква
_bНаука
_c1971
300 _a656 с.
_bчерт.
500 _aНа обороте тит. л.: Charles Pisot, Marc Zamansky. Mathematiques generales
504 _aПредм. указ.: с. 654-656
700 1 _aЗаманский, Марк
700 1 _aСтечкина, Е. И.
_eпер.
942 _cBK
999 _c30456
_d30456